Francis of assisi : (Registro nro. 11084)

000 -CABECERA
Longitud fija campo de control 00542nam a22001697a 4500
003 - IDENTIFICADOR DELl NÚMERO DE CONTROL
Identificador del número de control OSt
005 - FECHA Y HORA DE LA ÚLTIMA TRANSACCIÓN
Fecha y hora de la última transacción 20160106171432.0
008 - CÓDIGOS DE INFORMACIÓN DE LONGITUD FIJA
Códigos de información de longitud fija 030206s2002 ck 000 0 spa d
040 ## - FUENTE DE LA CATALOGACIÓN
Centro transcriptor OSt
082 04 - NÚMERO DE LA CLASIFICACIÓN DECIMAL DEWEY
Número de edición DEWEY 21
Número de documento (Cutter) O275
Número de clasificación Decimal 922.22
100 ## - PUNTO DE ACCESO PRINCIPAL-NOMBRE DE PERSONA
Nombre de persona Obrien, Isidore
9 (RLIN) 1326
245 00 - TÍTULO PROPIAMENTE DICHO
Título Francis of assisi :
Resto del título Mirror of christ /
Mención de responsabilidad, etc. Isidore Obrien,
260 ## - PUBLICACIÓN, DISTRIBUCIÓN, ETC. (PIE DE IMPRENTA)
Lugar de publicación, distribución, etc. Estados Unidos de América:
Fecha de publicación, distribución, etc. 1961.
Nombre del editor, distribuidor, etc. s.edi..
300 ## - DESCRIPCIÓN FÍSICA
Extensión 205 p.
650 04 - PUNTO DE ACCESO ADICIONAL DE MATERIA - TÉRMINO DE MATERIA
Fuente del encabezamiento o término LEMB
9 (RLIN) 6663
Subdivisión de materia general BIOGRAFÍA / BIOGRAFÍA
-- BIOGRAFÍA- FRANCISCO DE ASIS / BIOGRAFÍA-FRANCISCO DE ASIS
942 ## - ENTRADA DE ELEMENTOS AGREGADOS (KOHA)
Fuente de clasificaión o esquema
Koha [por defecto] tipo de item Libro
Existencias
Asignatura Fecha última consulta Número de copia Código de barras Forma de Material Fecha de Descarte Localización permanente No para préstamo Localización en estanterías Tipo de Descarte Fuente de clasificación o esquema Localización actual Disponibilidad Fecha adquisición Signatura completa Mostrar en OPAC
USAP2016-01-06Ej. 115052Colección General2016-01-06Biblioteca Central NULLFondo GeneralNULL Biblioteca Central NULL2016-01-06922.22 O275NULL

Campus Universitario - Ave. Circunvalación - San Pedro Sula, Honduras, C.A. / Tel: +504 2561.8777 / Fax: +504 2561.8787 / Email: info@usap.edu
Todos los Derechos Reservados. © MMXIII Universidad de San Pedro Sula